000 00621nam a2200241Ia 4500
003 OSt
005 20220918174446.0
006 a|||||r|||| 00| 0
007 ta
008 220917b |||||||| |||| 00| 0 eng d
024 _a12,294
037 _cTextual
040 _aARTS
_cARTS
_beng
041 _2eng
_aeng
082 _aMY2141wN49, L6
100 _aGavaskar Sunil
_950573
245 0 _aSunny days
_b An autobiography
260 _aCalcuttaRupa
_c1976
300 _a264p.
_ccm.
650 _aINDUSTRIAL ARTS
942 _hMY2141wN49, L6
_cTEXL
_2CC
999 _c153289
_d153289